| Tag |
First Indicator |
Second Indicator |
Subfields |
| LEADER |
00000cam a2200000 a 4500 |
| 001 |
in00002246421 |
| 005 |
20151104194900.0 |
| 008 |
061123s2007 nju 000 0 eng |
| 020 |
|
|
|a 9780470102596 (pbk.)
|
| 020 |
|
|
|a 0470102594 (pbk.)
|
| 035 |
|
|
|a (OCoLC)ocm76851529
|
| 040 |
|
|
|a UKM
|c UKM
|d MOU
|d TXA
|d UtOrBLW
|
| 049 |
|
|
|a TXAM
|
| 082 |
0 |
|
|a 006.5
|2 22
|
| 090 |
|
|
|a MT723
|b .T78 2007
|
| 100 |
1 |
|
|a Truesdell, Cliff.
|
| 245 |
1 |
0 |
|a Mastering digital audio production :
|b the professional music workflow with Mac OS X /
|c Cliff Truesdell.
|
| 264 |
|
1 |
|a Hoboken, N.J. :
|b Wiley Publishing,
|c [2007]
|
| 264 |
|
4 |
|c ©2007
|
| 300 |
|
|
|a xxxi, 591 pages :
|b illustrations ;
|c 24 cm. +
|e 1 DVD-ROM (4 3/4 in.).
|
| 336 |
|
|
|a text
|b txt
|2 rdacontent
|
| 337 |
|
|
|a unmediated
|b n
|2 rdamedia
|
| 338 |
|
|
|a volume
|b nc
|2 rdacarrier
|
| 630 |
0 |
0 |
|a Mac OS.
|
| 650 |
|
0 |
|a Computer sound processing.
|
| 650 |
|
0 |
|a Digital audio editors.
|
| 948 |
|
|
|a cataloged
|b h
|c 2007/5/22
|d c
|e dmitchel
|f 11:00:00 am
|
| 994 |
|
|
|a C0
|b TXA
|
| 999 |
|
|
|a MARS
|
| 999 |
f |
f |
|s 64a39ef6-c22f-3a87-b6a1-07ced0618e85
|i a4114181-f790-32fe-82ed-1bd87035be67
|t 0
|
| 952 |
f |
f |
|p normal
|a Texas A&M University
|b College Station
|c Sterling C. Evans Library
|d Evans: Library Stacks
|t 0
|e MT723 .T78 2007
|h Library of Congress classification
|i unmediated -- volume
|m A14835610138
|
| 998 |
f |
f |
|a MT723 .T78 2007
|t 0
|l Evans: Library Stacks
|